Výzkum percepce kauzálních vztahů řídících problémů
Salvato in:
| Autore principale: | |
|---|---|
| Natura: | Libro |
| Lingua: | ceco |
| Pubblicazione: |
Praha
Inst. říz.
1975
|
| Edizione: | 1. vyd. |
| Serie: | Výsledky výzkumu IŘ
F 12 |
| Tags: |
Nessun Tag, puoi essere il primo ad aggiungerne!!
|
MARC
| LEADER | 00000nam a2200000 4500 | ||
|---|---|---|---|
| 001 | c022342 | ||
| 005 | 20221220102950.5 | ||
| 041 | 0 | |a cze | |
| 044 | |a CZ | ||
| 245 | 1 | 0 | |a Výzkum percepce kauzálních vztahů řídících problémů |c Josef Khol |
| 250 | |a 1. vyd. | ||
| 264 | 1 | |a Praha |b Inst. říz. |c 1975 | |
| 300 | |a 34 s. | ||
| 490 | 1 | |a Výsledky výzkumu IŘ |v F 12 | |
| 830 | 0 | |a Výsledky výzkumu IŘ |v F 12 | |
| 100 | 1 | |a Khol, Josef | |